UML 2 toolkit
Сохранить в:
| Главные авторы: | , , , |
|---|---|
| Формат: | |
| Язык: | английский |
| Опубликовано: |
Indianápolis
Wiley
2004
|
| Предметы: | |
| Метки: |
Добавить метку
Нет меток, Требуется 1-ая метка записи!
|
MARC
| LEADER | 00000nam a2200000 a 4500 | ||
|---|---|---|---|
| 001 | UCL4840 | ||
| 003 | CL-VaPUC | ||
| 008 | 040227e20040000US |||||||||||||||||eng|d | ||
| 020 | |a 0471463612 | ||
| 082 | 0 | 4 | |a 005.117 |b ERI |2 21 |
| 100 | 0 | |a Eriksson, Hans-Erik |e author |9 482507 | |
| 700 | 0 | |a Penker, Magnus |e author |9 482508 | |
| 700 | 0 | |a Lyons, Brian |e author |9 482509 | |
| 700 | 0 | |a Fado, David |e author |9 482510 | |
| 245 | 1 | 0 | |a UML 2 toolkit |
| 300 | |a 511 p | ||
| 942 | |c BK | ||
| 945 | |d 20040227 00:00:00 |a cmena | ||
| 260 | |a Indianápolis |b Wiley |c 2004 | ||
| 500 | |a Incluye Cd-Rom | ||
| 650 | 0 | |a Programación orientada al objeto |9 387863 | |
| 650 | 7 | |a UML |2 CL-VaPUC |9 482511 | |
| 650 | 0 | |a Programación de computadores |9 259531 | |
| 583 | |a last modification |c 20040227 00:00:00 |k Rodrigo Vera | ||
| 999 | |c 307598 |d 307596 | ||
| 952 | |0 0 |1 0 |4 0 |6 005_117000000000000_ERI_2004 |7 0 |8 A |9 373635 |a BIBING |b BIBING |d 2019-11-21 |i 3984753 |o 005.117 ERI 2004 |p 3984753 |r 2025-01-20 |w 2019-11-21 |y BK |k EII | ||